LIBRARY & INFORMATION CENTRE, KCAET, TAVANUR

ONLINE PUBLIC ACCESS CATALOGUE (OPAC)

Prioritization of sub watersheds of a river basin using geographic information system (Record no. 15012)

MARC details
000 -LEADER
fixed length control field 00744nam a22001817a 4500
003 - CONTROL NUMBER IDENTIFIER
control field OSt
088 ## - REPORT NUMBER
Report number P 235
100 ## - MAIN ENTRY--AUTHOR NAME
Personal name ATHULYA C
-- SAJIRA A. K
245 ## - TITLE STATEMENT
Title Prioritization of sub watersheds of a river basin using geographic information system
260 ## - PUBLICATION, DISTRIBUTION, ETC. (IMPRINT)
Place of publication Tavanur 2012
Name of publisher Department of Land and Water Resources and Conservation Engineering
300 ## - PHYSICAL DESCRIPTION
Number of Pages 40
500 ## - GENERAL NOTE
General note Prioritization of sub watersheds of a river basin using geographic information system
520 ## - SUMMARY, ETC.
Summary, etc Prioritization of sub watersheds of a river basin using geographic information system
700 ## - ADDED ENTRY--PERSONAL NAME
Personal name Dr. Sathian K. K (Guide)
856 ## - ELECTRONIC LOCATION AND ACCESS
Uniform Resource Identifier https://drive.google.com/open?id=1iEdBmgDFZxH-9MuYlrnOeZkWYYSKZ5D5
942 ## - ADDED ENTRY ELEMENTS (KOHA)
Koha item type Project Report
Holdings
Collection code Home library Current library Shelving location Full call number Accession Number Koha item type
Reference KAUAET KAUAET Reference 631.75 807 ATH/PR P 235 Project Report
free website counter